Normal view
MARC view
- MUNAIM,NUMAIR,DR SHOAB A KHAN
Entry Personal Name
001 - CONTROL NUMBER
- control field: 71411
003 - CONTROL NUMBER IDENTIFIER
- control field: NUST
005 - DATE AND TIME OF LATEST TRANSACTION
- control field: 20210628204630.0
008 - FIXED-LENGTH DATA ELEMENTS
- fixed length control field: 210628|| aca||aabn | a|a d
040 ## - CATALOGING SOURCE
- Original cataloging agency: NUST
- Transcribing agency: NUST
100 ## - HEADING--PERSONAL NAME
- Personal name: MUNAIM,NUMAIR,DR SHOAB A KHAN
670 ## - SOURCE DATA FOUND
- Source citation: Work cat.: (NUST): MUNAIM,NUMAIR,DR SHOAB A KHAN, PR-SOF-1307-DATA ANALYSIS AND PREDICTIVE MODELING FOR RECRUITMENT BI THROUGH SOCIAL NETWORK USING IRS, 2001
